| 000 | 00615nam a22001577a 4500 | ||
|---|---|---|---|
| 008 | 230615b |||||||| |||| 00| 0 eng d | ||
| 040 |
_aNational Science Library _cNational Science Library |
||
| 080 |
_a621.39:52-87(082.2) _bM3 |
||
| 245 |
_aSatellite and computer communications _c/ Proceedings of the IFIP TC6/AFCET/SEE international symposium on satellite and computer communications Versailles, France, 27-29 April, 1983 |
||
| 260 |
_aAmsterdam: _bNorth-Holland, _c1983 |
||
| 300 | _axi, 377p. | ||
| 650 | _aCommunication | ||
| 653 | _aComputer | ||
| 700 | _aGrange, Jean-Louis (Ed.) | ||
| 942 |
_2udc _cPR |
||
| 999 |
_c43930 _d43930 |
||